| 000 | 00407nam a2200169Ia 4500 | ||
|---|---|---|---|
| 001 | 25181 | ||
| 003 | IN-NITTTR | ||
| 005 | 20251114233320.0 | ||
| 008 | 251113s9999||||xx |||||||||||||| ||eng|| | ||
| 040 | _beng | ||
| 040 | _cIN-NITTTR | ||
| 041 | _aeng | ||
| 082 | _a005.1 S23 | ||
| 100 | _aParnas, David L. | ||
| 245 | 0 |
_aSoftware fundamentals : _b collected papers. / _cParnas, David L. |
|
| 942 |
_2ddc _cBK |
||
| 999 |
_c27810 _d27810 |
||